000 00576nam a2200181 a 4500
008 120416s1995 ||||||||||||||||| || u
020 _a0412571005
050 _aTK 7868 .P6 Bra
100 _aBradley, D. A
245 1 0 _aPower electronics. (2nd ed.)
250 _a2nd ed.
260 _aLondon:
_bChapman and Hall
_c1995
300 _aviii, 214p. : ill.
350 _a0.00
650 0 _aELECTRONICS
650 0 _aPOWER ELECTRONICS
995 _D0.00
_FCBU-MAIN LIBRARY (Kitwe)
_H1
_I12.99
_M1
_UAVAILABLE
_ZShort Loan Collection
999 _c54162
_d54162